000 00360nam a2200133Ia 4500
008 240624s9999 xx 000 0 und d
041 _aeng
082 _a651.7 SMI
100 _aSMITH LYN
245 _aEFFECTIVE INTERNAL COMUNICATION
260 _c2008
_aNew Delhi
_bKogan Page India Private limited
300 _axiv, : 226 : p. : cm. ; 23
365 _cRS
_b33
999 _c11621
_d11621